00462nam a22001697a 450000500170000001000150001702000270003203500140005903700090007308200100008210000200009224500530011225000060016526000410017127000550021230000250026720250402141126.0 aENG-144459 a9789395401418c1475.00 aEN-127991 bDBAD a304.2 aPuri, Sidhartha aSocial and Cultural AnthropologycSidhartha Puri a1 aNew Delhi bRajat Publicationsc2024 a4740/23, Ansari Road, DaryaganbNew Delhi e110002 axii, 260p.c24cm(Hb)